Climate action report : 1997 submission of the United States of America under the United Nations Framework Convention on Climate Change.

Bibliographic Details
Corporate Author: United States. Department of State
Format: Government Document Book
Language:English
Published: Washington, DC : [U.S. Dept. of State] : [1997]
Series:Department of State publication ; 10496.
Subjects:

MARC

Tag First Indicator Second Indicator Subfields
LEADER 00000cam a2200000 a 4500
001 in00000001218
005 20151007050350.0
008 970904s1997 dcuab b f000 0 eng d
010 |a  97203052  
020 |a 0160491576 :  |c $32.00 
035 |a (OCoLC)37572947 
035 |9 AHY0458AM 
037 |a 044-000-02483-7  |b GPO 
040 |a IStw  |d JJG  |d AGL  |d GPO  |d DLC  |d MvI  |d UtOrBLW 
042 |a lccopycat 
043 |a n-us--- 
049 |a UDOC 
050 0 0 |a QC981.8.C5  |b C4895 1997 
070 0 |a QC981.8.C5C375  |b 1997 
072 0 |a B200 
074 |a 0876 
082 0 0 |a 363.738/7456/0973  |2 21 
086 0 |a S 1.2:C 61/2/997 
245 0 0 |a Climate action report :  |b 1997 submission of the United States of America under the United Nations Framework Convention on Climate Change. 
246 1 8 |a U.S. climate action report--1997 
264 1 |a Washington, DC :  |b [U.S. Dept. of State] :  |c [1997] 
264 2 |a Washington, DC :  |b For sale by the U.S. G.P.O., Supt. of Docs., 
300 |a 1 volume (various pagings) :  |b illustrations, maps ;  |c 28 cm. 
336 |a text  |b txt  |2 rdacontent 
337 |a unmediated  |b n  |2 rdamedia 
338 |a volume  |b nc  |2 rdacarrier 
490 1 |a Department of State publication ;  |v 10496 
500 |a Shipping list number: 97-0333-P. 
500 |a "Released July 1997"--P. [2] of cover. 
504 |a Includes bibliographical references (pages c-1-c-5). 
650 0 |a Climatic changes  |x Government policy  |z United States. 
650 0 |a Global warming  |x Government policy  |z United States. 
650 0 |a Greenhouse gases  |x Government policy  |z United States. 
630 0 0 |a United Nations Framework Convention on Climate Change  |d (1992 May 9) 
710 1 |a United States.  |b Department of State. 
730 0 |a United Nations Framework Convention on Climate Change  |d (1992 May 9) 
830 0 |a Department of State publication ;  |v 10496. 
999 |a MARS 
999 f f |s e494b645-39a4-3222-8eca-2792a8d261bd  |i 55bf966e-aec0-368f-989b-ae9e910dedfe  |t 0 
952 f f |p normal  |a Texas A&M University  |b College Station  |c Sterling C. Evans Library  |d Evans: US Documents (Annex 5th floor)  |t 0  |e S 1.2:C 61/2/997  |h Superintendent of Documents classification  |i unmediated -- volume  |m A14823668434 
998 f f |a S 1.2:C 61/2/997  |t 0  |l Evans: US Documents (Annex 5th floor)